起終点駅を始発、終着する列車が無い鉄道路線 - Statistics

General Stats
  • This quiz has been taken 183 times
    136 since last reset
  • The average score is 4 of 21
Answer Stats
路線名 会社名 % Correct
山手線 JR東日本
56%
内子線 JR四国
43%
千歳線 JR北海道
37%
徳島線 JR四国
35%
予土線 JR四国
34%
石勝線 JR北海道
32%
本四備讃線 JR西日本/JR四国
32%
赤穂線 JR西日本
28%
鹿島線 JR東日本
26%
篠栗線 JR九州
21%
あいの風とやま鉄道線 あいの風とやま鉄道
17%
不二越線 富山地方鉄道
9%
都心線 札幌市交通局
7%
豊田線 名古屋鉄道
7%
支線 富山地方鉄道
6%
安野屋線 富山地方鉄道
6%
富山都心線 富山地方鉄道
5%
水前寺線 熊本市交通局
2%
桜町支線 長崎電気軌道
2%
皆実線 広島電鉄
1%
連絡線 伊予鉄道
1%
No matching quizzes found
Score Distribution
Percent of People with Each Score
Percentile by Number Answered
Your Score History
You have not taken this quiz since the last reset